000 00426nam a2200157 i 4500
001 22386
003 ES-MaACL
005 20230906152703.0
007 t|
008 021202s1916 xxk ||||1| eng d
100 1 _aAldis, Harry G.
_919644
245 1 4 _aThe trinted book /
_cHarry G. Aldis.
260 _a[Cambridge] :
_bCambridge University Press,
_c1916.
300 _a154 p. :
_bil. ;
_c16 cm.
852 _aES-MaACL
_jD-3308
999 _c22386
_d22386